000 00309nam a22001337a 4500
008 180907b xxu||||| |||| 00| 0 eng d
020 _a0444424105
041 _aeng
080 _a616.12
100 _a7
101 _aKAR
245 _aContemporary Practice Of Chromatography
_cPoole.C.F
942 _2udc
_cBK
999 _c47610
_d47610